Central Library OPAC University of Rajshahi

Bangladesh population census, 1981: (Record no. 62229)

MARC details
000 -LEADER
fixed length control field 00989nam a2200253 a 4500
001 - CONTROL NUMBER
control field 62229
003 - CONTROL NUMBER IDENTIFIER
rucl marc code BD-RjUL
005 - DATE AND TIME OF LATEST TRANSACTION
control field 20211209081046.0
008 - FIXED-LENGTH DATA ELEMENTS--GENERAL INFORMATION
fixed length control field 170122s1983 bg a eng |
020 ## - INTERNATIONAL STANDARD BOOK NUMBER
Terms of availability :Tk. 250.00 (Inland)
035 ## - SYSTEM CONTROL NUMBER
System control number (BD-RjUL)62354
040 ## - CATALOGING SOURCE
Original cataloging agency ANL
Language of cataloging eng
Modifying agency ANL
Transcribing agency BD-RjUL
041 ## - LANGUAGE CODE
Language code of text/sound track or separate title eng
082 ## - DEWEY DECIMAL CLASSIFICATION NUMBER
Edition number 23
Classification number 304.6095492021
Author mark and year CHT 1983 (TS)
110 ## - MAIN ENTRY--CORPORATE NAME
Corporate name or jurisdiction name as entry element Bangladesh Bureau of Statistics
9 (RLIN) 179266
245 10 - TITLE STATEMENT
Title Bangladesh population census, 1981:
Remainder of title Community tables of all Thanas of Chittagong H.T. District /
Statement of responsibility, etc. Bangladesh Bureau of Statistics
260 ## - PUBLICATION, DISTRIBUTION, ETC. (IMPRINT)
Place of publication, distribution, etc. Dhaka, :
Name of publisher, distributor, etc. Bangladesh Bureau of Statistics,
Date of publication, distribution, etc. 1983
300 ## - PHYSICAL DESCRIPTION
Pagination LII, 393 p. :
Illustrations Ill ;
Size 28 cm.
490 ## - SERIES STATEMENT
Series statement Thana series: All Thanas of Chittagong H.T. District
651 ## - SUBJECT ADDED ENTRY--GEOGRAPHIC NAME
Geographic name Bangladesh
Geographic subdivision Chittagong H.T.
General subdivision census, 1981
9 (RLIN) 185080
Geographic name Bangladesh
Geographic subdivision Chittagong H.T.
General subdivision Population
Form subdivision Statistics
Chronological subdivision 1981
9 (RLIN) 185081
830 ## - SERIES ADDED ENTRY--UNIFORM TITLE
Uniform title Thana series: All Thanas of Chittagong H.T. District
942 ## - ADDED ENTRY ELEMENTS (KOHA)
Source of classification or shelving scheme Dewey Decimal Classification
Koha item type Rare Books
Holdings
Lost status Source of classification or shelving scheme Damaged status Not for loan Collection code Permanent Location Current Location Shelving location Date acquired Source of acquisition Total Checkouts Full call number Date last seen Copy number Koha item type
  Dewey Decimal Classification   Not For Loan Rare Books Central Library, University of Rajshahi Central Library, University of Rajshahi Rare Book Section 01/11/1993 Dhaka, BBS   RA 304.6095492021 CHT 1983(TS) 23/01/2017 C-1 Rare Books
  Dewey Decimal Classification   Not For Loan Rare Books Central Library, University of Rajshahi Central Library, University of Rajshahi Rare Book Section 06/06/2000 Dhaka, BBS   RA 304.6095492021 CHT 1983(TS) 23/01/2017 C-2 Rare Books